Expresión corporal y psicomotricidad (Registro nro. 7467)

Detalles MARC
000 -Cabecera
Campo de control de longitud fija 00853nam a22003497a 4500
005 - Fecha y hora de la última transacción
Campo de control 20260427170004.0
008 - Elementos de longitud fija--Información general
Campo de control de longitud fija 160122b2014 xxu||||| |||| 00| | spa d
020 ## - International Standard Book Number
Número Internacional Estándar del Libro (ISBN) 9788449444562
041 ## - Idioma
Código de idioma Español
082 ## - Clasificación Decimal Dewey
Número de clasificación 371.3 E96e
245 ## - Título propiamente dicho
Título Expresión corporal y psicomotricidad
260 ## - Pie de imprenta
Lugar de publicación, distribución, etc. España
260 ## - Pie de imprenta
Nombre del editor, distribuidor, etc. Océano
260 ## - Pie de imprenta
Fecha de publicación, distribución, etc. 2014
300 ## - Descripción física
Extensión 176 páginas
490 ## - Serie
Título de la Serie Temática General
500 ## - Nota general
Nota general Este libro consta de 2 volúmenes
505 ## - Nota de contenido
Nota de contenido Contiene disco compacto N° 714
650 ## - Materia general
Temática (materia general) COMUNICACIÓN
650 ## - Materia general
Temática (materia general) EXPRESIÓN CORPORAL
650 ## - Materia general
Temática (materia general) PSICOMOTRICIDAD
650 ## - Materia general
Temática (materia general) CUENTOS
650 ## - Materia general
Temática (materia general) SENTIDOS
650 ## - Materia general
Temática (materia general) ESTIMULACIÓN
650 ## - Materia general
Temática (materia general) SILENCIO
650 ## - Materia general
Temática (materia general) SONIDOS
650 ## - Materia general
Temática (materia general) MÚSICA
650 ## - Materia general
Temática (materia general) CUERPO
650 ## - Materia general
Temática (materia general) RELAJACIÓN
650 ## - Materia general
Temática (materia general) MENTE FLEXIBLE
942 ## - Punto de acceso adicional KOHA
Tipo de ítem KOHA Libro
Fuente del sistema de clasificación o colocación Dewey Decimal Classification
Existencias
Signatura completa Código de barras Programa Académico Tipo de ítem
371.3 E96e 19989 Temática General Libro
371.3 E96e 19990 Temática General Libro
714 DC 714DC   Disco Compacto